Lektury szkolne - test wiedzy - Statystyki

Ogólne statystyki
  • Ten quiz został rozwiązany 120 razy
  • Średni wynik to 9 z 20
Statystyki odpowiedzi
Pytanie Lektura Odpowiedź % Poprawnych
Kim była kobieta, którą zabił Rodion? "Zbrodnia i Kara" F. Dostojewski lichwiarką
79%
Co według opowieści ojca miał zobaczyć Cezary w Polsce? "Przedwiośnie" S. Żeromski szklane domy
78%
Góra, na której zasiadali bogowie to.. "Mitologia cz.1 Grecja" J. Parandowski Olimp
77%
Jak nazywał się pracownik Wokulskiego, który pilnował sklepu? "Lalka" B. Prus Ignacy Rzecki
74%
Do jakiej postaci odnosi się motyw "femme fatale"? "Makbet" W. Sheakspare Lady Makbet
71%
Kto nie chciał się zgodzić na pogrzeb Polinejkesa? "Antygona" Sofokles Kreon
57%
Kto był przedmiotem zakładu jaki Bóg przyjął od Szatana? "Biblia" Hiob
56%
W jakim mieście dzieje się akcja powieści? "Dżuma" A. Camus Oran
55%
Który z bohaterów porwał Oleńkę? "Potop" H. Sienkiewicz Andrzej Kmicic
54%
Jak nazywał się przywódca Oceanii? "Rok 1984" G. Orwell Wielki Brat
54%
Jakie wydarzenie zastało profesora dzień po przyjeździe do Polski? "Profesor Andrews w Warszawie" O. Tokarczuk stan wojenny
44%
Jaki budynek opisuje podmiot liryczny? "Miejsce" A. Stasiuka cerkiew/świątynia
32%
Kto wraz z Zosią prowadził Poloneza kończącego powieść? "Pan Tadeusz" A. Mickiewicz Podkomorzy
29%
Kim dla Harpagona była osoba, która skradła mu jego kosztowności? "Skąpiec" Molier synem
29%
Podaj nazwę (w nowomowie) ustroju panującego w Oceanii "Rok 1984" G. Orwell angsoc
26%
Lekarzem jakiej specjalizacji był Marek Edelman? "Zdążyć przed Panem Bogiem" H. Krall kardiologii
16%
Jak nazwano buty, które nosił Gustaw i stanowiły podstawę do jego skazania? "Inny Świat" G. Herling-Grudziński Oficerki
16%
Jakim zdaniem pożegnał się Andrews z taksówkarzem? "Profesor Andrews w Warszawie" O. Tokarczuk "żywą czy na miejscu"
12%
Jak przedstawiona jest Śmierć w utworze? "Rozmowa Mistrza Polikarpa ze śmiercią" trup kobiety
4%
Kim był prawdziwy Konrad Wallenrod, którego tożsamość przybrał Walter Alf? "Konrad Wallenrod" A. Mickiewicz mistrzem krzyżackim
2%
Nie znaleziono quizów pasujących do podanych kryteriów
Rozkład punktacji
Procent ludzi z każdym wynikiem
Percentyl według liczby udzielonych odpowiedzi
Twoja historia wyników
Nie rozwiązałeś tego quizu